| 000 | 00559nam a2200205Ia 4500 | ||
|---|---|---|---|
| 005 | 20250923145504.0 | ||
| 008 | 008 250917s9999 xx 000 0 eng d | ||
| 037 | _aTextual | ||
| 040 |
_aDSWL _beng _cDSWL |
||
| 041 |
_aeng _2eng |
||
| 084 |
_aX8(J)x2'N7<--M5, N79 _qDSWL |
||
| 245 | 0 |
_aPeasant struggles in India _c Ed.by A.R.Desai |
|
| 250 | _a2nd | ||
| 260 |
_aBombay _bOxford _c1979 |
||
| 300 | _axxv,772p. | ||
| 365 |
_aINR _b126 |
||
| 925 | _g126 | ||
| 942 |
_cTEXL _hX8(J)x2'N7<--M5, N79 |
||
| 999 |
_c1451960 _d1451960 |
||